| 000 | 00719nam a2200217Ia 4500 | ||
|---|---|---|---|
| 001 | 114245 | ||
| 003 | DR-UNIBE | ||
| 005 | 20251204151937.0 | ||
| 008 | 25120111987 dr spa | ||
| 040 |
_cBIBLIOTECA UNIBE _erda _aBIBLIOTECA UNIBE _bspa |
||
| 041 | _aspa | ||
| 082 | _aF-RD 6014 | ||
| 245 | 0 | _aConferencia del episcopado dominicano sobre la relación del hombre con la naturaleza | |
| 260 | 4 |
_aSanto Domingo : _bFundación Progressio, _c1987 |
|
| 300 | 4 | _a19 páginas | |
| 490 |
_aCarta pastoral ; _v4 |
||
| 650 | 4 |
_aForestación _zRepública Dominicana _930958 |
|
| 650 | 4 |
_aReforestación _zRepública Dominicana _931298 |
|
| 650 | 4 |
_aBosques _zRepública Dominicana _929736 |
|
| 942 |
_2ddc _cMX |
||
| 999 |
_c114245 _d114245 |
||